000 01636nam a2200361Ia 4500
001 ebr10196593
003 CaPaEBR
006 m u
007 cr cn|||||||||
008 070724s2007 ne a sb 101 0 eng d
015 _aGBA759397
_2bnb
020 _z9781586037505 (cased)
040 _aCaPaEBR
_cCaPaEBR
035 _a(OCoLC)503439658
050 1 4 _aHV6431
_b.N3837 2007eb
082 0 4 _a303.625
_222
111 2 _aNATO Advanced Research Workshop on Terrorist Operations
_d(2006 :
_cWashington, D.C.)
245 1 0 _aUnderstanding and responding to the terrorism phenomenon
_h[electronic resource] :
_ba multi-dimensional perspective /
_cedited by Ozgur Nikbay and Suleyman Hancerli.
260 _aAmsterdam ;
_aOxford :
_bIOS Press,
_cc2007.
300 _axv, 431 p. :
_bill.
490 1 _aNATO security through science series. E, Human and societal dynamics ;
_vvol. 21
504 _aIncludes bibliographical references and index.
533 _aElectronic reproduction.
_bPalo Alto, Calif. :
_cebrary,
_d2009.
_nAvailable via World Wide Web.
_nAccess may be limited to ebrary affiliated libraries.
650 0 _aTerrorism
_vCongresses.
650 0 _aPolitical violence.
655 7 _aElectronic books.
_2local
700 1 _aNikbay, Ozgur.
700 1 _aHancerli, Suleyman.
710 2 _aNorth Atlantic Treaty Organization.
_bPublic Diplomacy Division.
710 2 _aebrary, Inc.
830 0 _aNATO security through science series.
_nE,
_pHuman and societal dynamics ;
_vv. 21.
856 4 0 _uhttp://site.ebrary.com/lib/rucke/Doc?id=10196593
_zAn electronic book accessible through the World Wide Web; click to view
999 _c115598
_d115598